000 00524nam a2200181Ia 4500
008 100920s9999 xx 000 0 und d
082 _b52184
_a--- 0
100 _aसाठे माया.
245 _aबेरड.
260 _bबांदोडकर पब्लिशिंग हाऊस, गोवा.
_c0
300 _a198
_bसाधी
365 _b55
520 _aकादंबरी.
630 _aबेरड.
650 _aकादंबरी.
730 _aबेरड.
942 _cBOOK
999 _c697669
_d697666